| 000 | 00834nam a22002297a 4500 | ||
|---|---|---|---|
| 005 | 20251108165417.0 | ||
| 008 | 250721s1982 xx 000 0 ara d | ||
| 082 | 1 | 4 | _aم/929.1/معج |
| 100 | 1 | _aعبيد الله، أبو عبيد الله محمد بن عمران | |
| 245 | 1 | 0 | _aمعجم الشعراء / |
| 250 | _aط2 | ||
| 246 | 1 | 3 | _aالمؤتلف و المختلف في أسماء الشعراء و كناهم و ألقابهم و أنسابهم و بعض شعرهم |
| 264 | 1 |
_aبيروت : _bدار الكتب العلمية، _c1982. |
|
| 300 | _a556ص | ||
| 650 | 1 | 7 | _aالأنساب |
| 650 | 1 | 7 | _aالشعراء العرب |
| 650 | 1 | 7 | _aالتراجم |
| 700 | 1 | _aالأموي، أبو القاسم الحسن بن بشبر | |
| 700 | 1 |
_aكرنكو، ف _eتعليق |
|
| 942 |
_2ddc _cREF |
||
| 999 |
_c27254 _d27254 |
||